[Event "FIDE-Wch k.o."]
[Site "Las Vegas"]
[Date "1999.08.10"]
[Round "4.2"]
[White "Akopian, Vladimir Eduardovic"]
[Black "Georgiev, Kiril"]
[Result "1-0"]
[WhiteElo "2646"]
[BlackElo "2650"]
[Annotator "Atlas,V"]
[PlyCount "131"]
[EventDate "1999.07.31"]
[EventType "k.o."]
[EventRounds "7"]
[EventCountry "USA"]
[SourceTitle "CBM 072"]
[Source "ChessBase"]
[SourceDate "1999.10.01"]
[SourceVersion "1"]
[SourceVersionDate "1999.10.01"]
[SourceQuality "1"]

1. d4 {Hansen,Cu} Nf6 2. c4 e6 3. Nf3 b6 4. a3 Bb7 5. Nc3 d5 6. cxd5 Nxd5 7.
Bd2 Nd7 8. Nxd5 exd5 9. g3 Be7 (9... Bd6 10. Bg5 $5 Be7 11. Bxe7 Qxe7 12. Rc1
c5 (12... c6 $6 13. Bh3 O-O 14. O-O $14 {1/2-1/2 Kramnik,V-Psakhis,L/
Chalkidiki 1992/Inf 55/(53)}) 13. dxc5 (13. Bh3 O-O $1 14. Bxd7 Qxd7 15. dxc5
bxc5 16. Rxc5 Qh3 $44) 13... bxc5 14. Bh3 Nb6 15. b4 (15. Qc2 Bc8 16. Bg2 Ba6
17. O-O Rc8 {0-1 Lputian,S-Komarov,D/Reggio Emilia 1998/CBM 69 (61)}) 15...
cxb4 16. Qd4 O-O 17. Qxb4 Qxb4+ 18. axb4 a5 19. bxa5 Rxa5 20. O-O Ba6 21. Nd4
Bc4 $11 {Krasenkow,M-Gelfand,B/Polanica Zdroj 73/(576) 1998/Inf 73 (21)}) 10.
Bh3 $5 (10. Bg2 c5 11. O-O O-O 12. Qc2 Re8 13. Rfe1 Nf6 14. Bg5 Rc8 15. Bh3 Rc7
{0-1 San Segundo,P-Vyzmanavin,A/Zaragoza 1993/EXT 98 (20)}) 10... O-O 11. O-O
a5 12. Rc1 c6 {This pawn setup led to the advantageous position for White in
the above-mentioned game Kramnik-Psakhis. Black's light-coloured bishop will
now for a long time remain inactive. Probably, 11...c5 instead of 11...a5, was
worth trying.} 13. Bg5 Bxg5 14. Nxg5 Re8 ({The variation} 14... Qxg5 15. Bxd7 {
underscores the difference between White's and Black's bishops.}) 15. e3 Nf6
16. Bg2 a4 {Depriving White of the play at the Q-side. But the problem of
c6-pawn is thereby in no way solved, since Black cannot prevent an advancement
e3-e4, which will allow White to activate his bishop.} 17. Re1 g6 (17... h6 18.
Nf3 {/\ 19.Nd2, 19.Ne5}) 18. e4 dxe4 19. Nxe4 Nxe4 20. Rxe4 Rxe4 21. Bxe4 {
[%csl Rc6][%cal Ge4c6,Gc1c6]} Qd7 22. h4 $1 {[%cal Gh4h5]} c5 23. Bxb7 Qxb7 24.
dxc5 bxc5 25. Qd2 Qe7 $6 (25... Rb8 26. Rxc5 Qxb2 27. Qxb2 Rxb2 28. Rc4 {
would lead to the position similar to one which occured in the game}) ({
whereas after} 25... Qb5 {it is much more difficult for White to keep an edge,
e.g.:} 26. Qd5 Rb8 (26... Rc8 $5) 27. Rxc5 (27. Qxc5 Qxb2 28. Rc4 Qe2) 27...
Qxb2 28. Rc7 Qb3 $1) 26. Qd5 Rd8 27. Qxc5 Rd1+ 28. Kh2 Qxc5 {Theory assesses
the ensuing endgame as drawish, though to achieve this result Black, of course,
should play with due caution.} 29. Rxc5 {[%mdl 4096]} Rd2 30. Kg2 Rxb2 31. Rc4
h5 32. Rxa4 {Basically White can choose between two plans in this type of
endgame: 1) to move his pawn to a6 and then to move the king to the K-side,
rescuing from checks at a7, and 2) to move his pawn till a7 and to try winning
Black's pawn on the K-side, using zugzwang. The latter plan may be efficient
if pawn structure is locked or Black's king is misplaced, - something which is
not the case in this game. The former concept works if Black does not succeed
to eliminate timely one or two White's pawn on the K-side and to create a
passed pawn, supported by the own king. In the game White actually avoided to
move the corner pawn immediately and tried first to improve the position of
his king. This strategy led to success - certainly not without the help of the
opponent. Hansen,Cu: 'I must admit that I thought this position was a clear
draw. However after I had a look at the game Dautov-Alterman BL 1998, I
realised black has to know very exactly what to do.'} Ra2 (32... Rb3 {was, in
my opinion, the optimal defense. In this case White's king remains cut, so his
approaching to the passed pawn would take much more time. Probably, Black's
somewhat inconsistent play was caused by the time-trouble.}) 33. Kf3 Kg7 34.
Ke3 Ra1 ({Black could have taken an opportunity to play} 34... Kf6 $5 {Now in
case of} 35. Ra6+ {Black may answer} (35. Rf4+ {Hansen,Cu} Kg7 36. a4 {
generally it is better for white to protect the a-P from the side.}) 35... Ke5
36. f3 Rg2 37. Ra5+ Kf6 38. Kf4 Re2) 35. Ra6 Ra2 36. Ra4 Ra1 37. Ra6 Ra2 38. a4
{Hansen,Cu: 'This exact position was reached in Tal-Gipslis Jurmala 1983. With
white to move. Tal played 36.a5 and the game was drawn shortly afterwards'}
Ra3+ {'?' Hansen,Cu. Hansen,Cu: 'This move is illogical since black does not
follow up by attacking f2. '} (38... f6 $1 {Hansen,Cu /\} 39. a5 (39. f4 Ra3+)
39... g5 $11 40. Ra8 Ra4 41. f4 gxh4 42. gxh4 Kg6 $1 43. a6 Kf5) 39. Kd4 f6 {
'?' Hansen,Cu. Hansen,Cu: 'Now this is not right anymore'} (39... Ra2 $1 {
Hansen,Cu this is better and it seems to be just enough for a draw} 40. a5 (40.
f3 Ra3 (40... Rg2 41. Rb6 Rxg3 42. Rb3 Rh3 $132)) (40. f4 Ra3 41. a5 Rxg3 42.
Rb6 Rf3 43. Ke4 (43. a6 $6 Rxf4+ 44. Kc5 Rxh4) 43... Ra3 44. a6 Ra5 $11) 40...
Rxf2 41. Rc6 $1 (41. Rb6 Rf3 42. a6 Rxg3 {if this is dangerous then only for
white} 43. Kc5 Ra3 {[%cal Yg6g5]}) 41... Rg2 (41... Rf3 42. Rc3) (41... Ra2 42.
a6 Ra3 43. Kc5 Rxg3 44. Kb6 Rb3+ 45. Kc7 Ra3 46. Kb7 g5 47. hxg5 h4 48. a7 $18)
42. a6 (42. Rc3 Ra2 43. Rc5 Ra3 $11) 42... Rxg3 43. Kc5 Ra3 (43... g5 44. hxg5
Rxg5+ 45. Kb6 Rg2 46. a7 Rb2+ 47. Kc7 Ra2 48. Kb7 h4 49. Ra6 $18) 44. Kb6 g5 $1
(44... f5 45. a7 f4 46. Rc7+ (46. Rc5 f3) 46... Kf6 47. Rc5 f3 (47... Rxa7 48.
Kxa7 f3 49. Rc3 Kf5 50. Rxf3+ Kg4 51. Rf6 Kxh4 52. Rxg6 Kh3 53. Kb6 h4 54. Kc5
Kh2 55. Kd4 h3 56. Ke3 Kh1 57. Kf3 $18) 48. Ra5 Rxa5 49. Kxa5 f2 50. a8=Q f1=Q
51. Qf8+ $18) (44... f6 45. a7 g5 46. Kb7 Rxa7+ 47. Kxa7 gxh4 (47... Kg6 48.
Kb6 Kf5 49. Kc5 Kg4 50. Kd4 Kxh4 51. Rxf6 Kg3 52. Rf5 Kg4 53. Rf1 $18) 48. Kb6
h3 (48... Kg6 49. Kc5 Kf5 50. Kd4 Kf4 (50... h3 51. Ke3 $18) 51. Rxf6+ Kg3 52.
Ke3 $18) 49. Rc3 Kg6 50. Rxh3 Kg5 51. Kc5 Kg4 52. Rh1 h4 53. Kd4 Kg3 54. Ke3
$18) 45. hxg5 h4 46. a7 h3 47. Rc3 $8 (47. Rh6 Rb3+ 48. Kc7 Rc3+ 49. Kb7 Rb3+
50. Rb6 h2 51. Rxb3 h1=Q+ 52. Kb8 Qh2+ $11) 47... Rxc3 48. a8=Q Rg3 49. Qc6
Rxg5 50. Qc3+ Kg8 51. Qxh3 Rg6+ $11) 40. Ra7+ Kh6 41. a5 {'+-' Hansen,Cu.} g5
42. Kc5 gxh4 43. gxh4 Ra4 44. a6 Ra2 (44... Rxh4 {Hansen,Cu} 45. Ra8 Ra4 46. a7
Kh7 47. Kb6 h4 48. Rd8 Kg6 (48... h3 49. a8=Q Rxa8 50. Rxa8 h2 51. Ra1 $18) 49.
a8=Q Rxa8 50. Rxa8 Kg5 51. Kc5 Kg4 52. Rh8 $18) 45. Ra8 Kg6 46. Kb6 Rb2+ 47.
Ka7 Rxf2 48. Rb8 Rf4 49. Rb5 Rxh4 50. Kb6 Re4 51. a7 Re8 52. Ra5 h4 53. a8=Q
Rxa8 54. Rxa8 Kg5 55. Kc5 h3 56. Rh8 Kg4 57. Kd4 Kg3 58. Ke3 Kg2 59. Ke2 h2 60.
Rg8+ Kh3 61. Kf2 h1=N+ 62. Kf3 Kh2 63. Rg2+ Kh3 64. Rg6 Kh2 65. Rxf6 Kg1 66.
Rg6+ 1-0

[Event "Enghien les Bains 2nd"]
[Site "Enghien les Bains"]
[Date "1997.03.17"]
[Round "4"]
[White "Bacrot, Etienne"]
[Black "Rausis, Igors"]
[Result "0-1"]
[WhiteElo "2500"]
[BlackElo "2470"]
[Annotator "Atlas,V"]
[PlyCount "36"]
[EventDate "1997.03.14"]
[EventType "tourn"]
[EventRounds "9"]
[EventCountry "FRA"]
[EventCategory "10"]
[SourceTitle "CBM 058"]
[Source "ChessBase"]
[SourceDate "1997.06.01"]
[SourceVersion "1"]
[SourceVersionDate "1997.06.01"]
[SourceQuality "1"]

1. d4 {Tisdall Mercier} e6 2. c4 Nf6 3. Nf3 b6 4. a3 Bb7 5. Nc3 d5 6. Qc2 (6.
Bg5 {Tisdall Tisdall: was Bacrot's later choice in his Internet exhibition
match against Simen Agdestein.}) 6... dxc4 {Une nouvelle conception dans cette
ouverture que l'on doit a Timoshenko. Les Noirs menacent simplement de
s'accrocher a leur pion par ...a6 et b5 si les Blancs n'y pretent attention,
voir annotations au coup suivant.} 7. Bg5 $5 {Coup douteux d'apres les
analyses de Timotchenko, un grand maitre russe. Preferable est 7.e4 de suite.}
({A significant, but unsuccessful attempt to revive an interesting line,
popularity of which is nowadays pretty low. This move was introduced into
chess practice by Dreev in his game against Almasi. An important improvement
of Black's play, demonstrated by Timoshenko, put White's play into question. 
The main alternative is 7.e4. Among the latest practical testing of this
position two deserve a special attention:} 7. e4 c5 8. d5 (8. dxc5 Bxc5 9. Bxc4
Nbd7 (9... Nc6 {Un bon coup d'apres Timoshenko.} 10. Bf4 Ng4 11. Bg3 Qf6 12.
Bb5 O-O 13. Bxc6 Bxc6 14. O-O Qh6 $1 15. Na4 f5 $1 16. Nxc5 bxc5 17. Ne5 {
= Sakaev,K-Delchev,A/Burgas II 1994}) (9... Qc7 10. Nb5 Qd7 11. Bf4 Bxe4 12.
Qe2 O-O 13. Rd1 Qb7 14. Nc7 e5 15. Bxe5 Nbd7 16. Ba6 Bxf3 17. gxf3 Qb8 18. Bg3
Qxc7 19. Bxc7 Rfe8 20. b4 Rxe2+ 21. Kxe2 Be7 22. Rhe1 Nf8 23. Kf1 Ng6 24. f4
Bf8 25. Bb7 Re8 26. Rxe8 Nxe8 27. Bb8 a5 28. Rd8 {1-0 Gelfand,B-Gulko,B/Dos
Hermanas 1994}) 10. O-O Qc7 11. Bd3 a6 12. Bg5 Ne5 13. Nxe5 Qxe5 14. Bh4 Nh5
15. Qa4+ Kf8 16. Qd7 g5 17. b4 Bd4 18. Bxg5 Bxc3 $2 19. Bh6+ Ng7 $2 20. Rac1
Re8 21. Qxb7 Qf6 22. Be3 h5 23. Qxb6 Be5 24. f4 {1-0 Sokolov,I-Polugaevsky,L/
Nederland 1994}) 8... exd5 9. exd5 a6 (9... Bd6 10. Bxc4 O-O 11. O-O Nbd7 (
11... h6 {Tisdall} 12. Re1 a6 13. a4 Nbd7 14. b3 Qc7 15. h3 Ne5 16. Nh4 $13 {
Lautier,J-Karpov,A/Groningen/1995/0,5/38/}) (11... a6 12. Bg5 Nbd7 13. Rfe1 Qc7
14. Ne4 Nxe4 15. Qxe4 b5 16. Bd3 g6 17. Rad1 Nb6 18. Bc2 Rfe8 19. Qxe8+ Rxe8
20. Rxe8+ Kg7 21. h4 Qd7 22. Rd8 Qc7 23. Re1 Bxd5 24. h5 gxh5 25. Ree8 f6 26.
Rh8 fxg5 27. Rxh7+ Kf6 28. Rxc7 Bxc7 29. Rf8+ Ke7 30. Rf5 Bf4 31. Nxg5 Bc1 32.
Be4 Bxe4 33. Nxe4 c4 34. Kf1 Bxb2 35. Ke2 h4 36. Rf3 Nd5 37. Kd2 a5 38. Kc2 Be5
39. Rf5 Ke6 40. Rh5 b4 41. Nc5+ Kd6 42. Nb7+ Ke6 43. Nxa5 bxa3 44. Nxc4 Bf6 45.
Nxa3 Nf4 46. Rh7 Nxg2 47. Kd2 Kf5 48. Nc4 Kg6 49. Rb7 h3 50. Ke2 Bc3 51. Kf3
Be1 52. Ne5+ Kf5 53. Nd3 Bc3 54. Rb5+ {1-0 Sokolov,I-Hansen,S/Nordic Grand
Prix 1997}) 12. Re1 a6 13. a4 Qc7 14. Bg5 h6 15. Bh4 Rfe8 16. b3 Ng4 17. Bg3
Bxg3 18. hxg3 Ndf6 {, and chances are about equal, Pinter,J-Sturua,Z/EU-chTM
Pula (3) 1997}) (9... Nxd5 10. Bxc4 Qe7+ 11. Kf1 Nxc3 12. Qxc3 Qf6 13. Ne5 Be7
14. Bxf7+ Kd8 {1/2-1/2 Petran,P-Lengyel,L/HUN-chT1 1995}) 10. Bg5 b5 11. O-O-O
Bd6 12. Ne4 Be7 13. Bxc4 bxc4 14. Rhe1 O-O 15. d6 Bxe4 16. Rxe4 Bxd6 17. Ne5
Nbd7 18. Rxd6 Nxe4 19. Bxd8 Nxd6 20. Nxd7 Rfxd8 21. Nb6 Rab8 22. Nxc4 Nxc4 {
1/2-1/2 Piket,J-Anand,V/Amber-blind6th rapid 1997}) 7... a6 $1 {La nouvelle
idee de Timoshenko.} ({In the above-mentioned game Almasi had chosen} 7... Nc6
{, but the course of the game proved to be favourable for White:} 8. Rd1 Be7 9.
e4 Na5 10. Ne5 Nd7 11. Bxe7 Qxe7 12. Nxc4 Nxc4 13. Bxc4 O-O 14. O-O c5 15. d5
Ne5 16. Ba2 exd5 17. Nxd5 Bxd5 18. Bxd5 Rac8 19. f4 Ng4 20. Qe2 Nf6 21. Bc4 $1
$16 {Dreev,A-Almasi,Z/Tilburg 1994}) (7... h6 {yields White a promising
position after} 8. Bxf6 Qxf6 9. e4 $16) (7... Nbd7 {Tisdall} 8. e4 h6 9. Bxf6
Nxf6 10. Bxc4 a6 11. Rd1 b5 12. Ba2 c6 13. O-O Be7 14. e5 Nd5 15. Ne4 g6 16.
Nfd2 $36 {Dreev,A-Razuvaev,Y/Moscow/1996/1|0/59/}) 8. e4 ({Timoshenko's
analysis shows that after} 8. a4 {the best reaction is} Bb4 (8... Bxf3 9. exf3
Qxd4 10. Be3 Qe5 11. Bxc4 $44) 9. e3 {, and Black gets a good counterplay:} b5
10. Be2 Nbd7 11. O-O c6 $15) 8... b5 9. d5 (9. e5 $6 {occured in the game
Nestorovic,D-Timoshenko,G/Beograd 1995. the course of the game rapidly
exhibited the failure of White's strategy:} h6 10. Bh4 g5 $5 (10... Bxf3 {
Tisdall} 11. exf6 (11. gxf3 Qxd4 12. Bg3 Nh5 {Au net avantage noir.}) 11...
Qxd4 12. fxg7 Bxg7 13. Bg3 Bb7 {Au net avantage noir.}) 11. Nxg5 (11. Bg3 $6 {
Tisdall} Nd5 12. Ne4 Nd7 13. h4 g4 14. Nfd2 c5 15. dxc5 Nxc5 $17 16. h5 Nxe4
17. Nxe4 Qa5+ 18. Ke2 (18. Nd2 {Chekhov} O-O-O $17) (18. Qd2 {Chekhov} Bb4 19.
Nd6+ Kf8 20. axb4 Qxa1+ 21. Ke2 Bc6 $19) 18... O-O-O 19. Rd1 Be7 20. Qc1 Kb8
21. f3 Ka8 22. Bh4 Qc7 23. Bxe7 Nxe7 24. Nd6 Nf5 25. Qf4 f6 26. Nxf5 Rxd1 27.
Kxd1 fxe5 28. Qe3 exf5 29. fxg4 f4 30. Qc3 Rg8 {0-1 Ehlvest,J-Hansen,C/Erevan
olm 1996/CBM 55/[Chekhov]}) 11... hxg5 12. Bxg5 Be7 $17 13. exf6 Bxf6 14. Bxf6
Qxf6 15. Rd1 Nc6 16. Ne4 Qg7 17. Qc3 O-O-O 18. d5 Qg6 $17) 9... Be7 $1 {
Mercier: Rausis propose ici la partie nulle...} ({White's idea would be fully
justified after} 9... exd5 $2 10. e5 $1 h6 11. Bh4 g5 12. exf6 $16) 10. O-O-O
$5 ({Bacrot clearly rested his hopes upon this continuation. Timoshenko
analyzed just a line} 10. dxe6 fxe6 11. Rd1 Qc8 {, and Black gets a better
play.} (11... Nfd7 $17 {Tisdall})) 10... exd5 11. Bxf6 (11. e5 {Tisdall Mercier
} Ng8 $1) 11... Bxf6 12. Nxd5 O-O $1 {[#] 0h54 0h34} ({A critical position.
Now after the panic} 12... Bxd5 $2 13. Rxd5 {, with the subsequent e4-e5,
White developes a dangerous initiative, which fully compensates the sacrificed
pawn.}) (12... c5 {is bad in view of} 13. e5 {, winning the material.}) ({
Also after} 12... Nd7 {a thematic} 13. e5 $1 {yields White dangerous
initiative. The text move, allowing White to win a queen, was, probably,
underestimated by Bacrot. Queen sacrifice yields Black excellent attacking
chances and puts White's strategy into question.}) 13. Nb6 (13. g3 {Tisdall
Mercier est la suggestion de Dorfman dans cette position.}) 13... cxb6 (13...
Bg5+ $5 {Tisdall} 14. Kb1 Qe7 15. Nd5 Bxd5 16. Rxd5 $132) 14. Rxd8 Rxd8 15. Be2
({Perhaps, White could try} 15. e5 Bxf3 16. gxf3 (16. exf6 $2 Rd1+ $19) 16...
Bg5+ (16... Bxe5 17. Qe4 Nd7 {also leaves not much hopes for White} (17... Nd7
{Tisdall} 18. Bh3 Nc5 $1 19. Qxe5 $2 Nd3+ $19)) 17. Kb1 {, but after} Nc6 {
Black has all the chances to win the game.}) 15... Nd7 {[%cal Gd7c5,Gc5b3,
Rb7e4] Disclosing the decisive threat: Nd7-c5, after which the perfect
interaction of black minor pieces must result into mate attack. Tisdall:
White's position is a nightmare. After ...Nc5 e4 and b2 are terribly weak, and
black's queenside pawn mass enables him to open lines against the king at will.
} 16. e5 {The last chance.} (16. Nd2 {Tisdall Mercier} Nc5 {/\Bg5}) 16... Nc5
$1 {The decisive blow. Now White is defenseless. Un coup excellent, une sorte
de direct au menton echiqueen!} 17. Qc3 ({Or} 17. exf6 Be4 18. Qc3 $140 Nb3+
$19) 17... Be4 18. b4 {Mercier: Le seul coup pour degager les bronches du roi
blanc.} (18. Nd2 {Tisdall} Bg5) (18. Bd1 {Tisdall} Nd3+) (18. Rd1 {Tisdall
Mercier} Nb3+ 19. Qxb3 cxb3 20. exf6 Rac8+ 21. Bc4 Rxc4#) 18... cxb3 {The
simplest. Now after} (18... cxb3 19. exf6 (19. Rd1 Rdc8 $1 20. Kd2 (20. exf6
Nd3+ 21. Kd2 Rxc3 22. Kxc3 Rc8+ 23. Kxb3 (23. Kd4 Nxf2 24. Rf1 b2) 23... Bd5#)
20... Bc2 $1 21. Ke1 Be7 22. Qa1 (22. Rc1 Nd3+ 23. Qxd3 Bxd3) 22... Bxd1 23.
Qxd1 b2 {Avec une totale domination positionnelle noire.}) 19... Na4 20. Qxb3 (
20. Z0 {Tisdall} Rac8) 20... Rac8+ {the game is over.} (20... Rac8+ 21. Bc4
Rxc4+ 22. Qxc4 bxc4)) 0-1

[Event "Biel GM"]
[Site "Biel"]
[Date "1999.07.28"]
[Round "10"]
[White "Pelletier, Yannick"]
[Black "Onischuk, Alexander"]
[Result "0-1"]
[WhiteElo "2479"]
[BlackElo "2657"]
[Annotator "Atlas,V"]
[PlyCount "98"]
[EventDate "1999.07.19"]
[EventType "tourn"]
[EventRounds "10"]
[EventCountry "SUI"]
[EventCategory "14"]
[SourceTitle "CBM 072"]
[Source "ChessBase"]
[SourceDate "1999.10.01"]
[SourceVersion "1"]
[SourceVersionDate "1999.10.01"]
[SourceQuality "1"]

1. d4 Nf6 2. c4 e6 3. Nf3 b6 4. a3 Bb7 5. Nc3 g6 6. Bg5 Bg7 7. e4 $6 {This
advancement of the central pawn has certain disadvantages, which Black managed
to exploit in the exemplary way. After exchange of White's dark-coloured
bihsop for the knight, Black will have a real chance to win the fight for the
dark squares in the centre.} (7. e3 {is usually played in this position. After}
O-O (7... d6 8. d5 O-O 9. Be2 Nbd7 10. O-O h6 11. Bh4 g5 $132 {1/2-1/2 Sokolov,
I-Lobron,E/Groningen 1993/CBM 39 (41)}) (7... h6 8. Bh4 Nc6 $5 {/\f5. 1/2-1/2
Lobron,E-Benjamin,J/Munich SKA 1994 (27)}) 8. Be2 d6 9. h3 Nbd7 10. Qc2 h6 11.
Bh4 c5 12. O-O cxd4 13. Nxd4 $14 {White got better prospects in the recent
game Nikolic,P-Vaganian,R/Erevan 1996/CBM 53 1-0 (53).}) ({Preliminary} 7. Bh4
$5 {with the idea to play e2-e4 did not allow White to obtain an opening edge
in Lutz,C-Romanishin,O/Moscow 1994.} O-O 8. e4 d6 9. Bd3 Nbd7 10. O-O e5 11. d5
Qe8 12. b4 Nh5 $13 {0-1 Lutz,C-Romanishin,O/Moscow 1994/CBM 45 (40)}) 7... h6
8. Bxf6 (8. Bh4 $2 g5) 8... Qxf6 9. Bd3 d6 10. O-O {A natural but impugnable
continuation. Black will be able to bother White's king at the K-side.} ({
An attempt to abstain from the castle for a while was probably worth attention:
} 10. Qe2 Nc6 11. d5 Ne5 12. Nxe5 Qxe5 13. O-O) (10. Qa4+ {was played in the
recent game Peng,Z-Nikolic,P/Rotterdam 1999/CBM 72_02 0-1 (43).}) 10... Nd7 11.
Re1 {Again, the possibility 11. Qe2 in order to place rooks on c1 and d1 can
be taken into account.} O-O 12. Qe2 Qe7 13. Rac1 (13. b4 $6 c5) 13... c5 $15
14. d5 {[%csl Ge5]} Kh8 $1 {Black is preparing to launch an attack on White's
king.} 15. Qd2 g5 $1 {[%mdl 4]} 16. g3 Rg8 17. Rcd1 Raf8 18. Bf1 Ne5 19. Nxe5
Bxe5 20. Bg2 Qf6 21. Re2 h5 22. Qd3 {[%cal Gh5h4] Preparing the king's flight
from the dangerous zone.} h4 23. Kf1 a6 24. Ke1 Rb8 {Sending a rook to Q-side
where it will be needed after Black ultimately undermines the centre.} 25. a4
Bc8 26. Kd2 Bd7 27. Kc2 b5 $1 28. axb5 axb5 29. cxb5 Bxc3 30. Qxc3 e5 ({
Queen exchange} 30... Qxc3+ 31. Kxc3 (31. bxc3 $2 Bxb5 32. Red2 Ba4+ $19) 31...
Bxb5 (31... Rxb5 32. e5 (32. dxe6 Bxe6 33. Rxd6 Rgb8 $44) 32... Rgb8 33. exd6
Rb3+ 34. Kd2 Rxb2+ 35. Ke1 $11) 32. Red2 e5 {would lead to advantageous
endgame for Black, but he decides to preserve Queens on the board because of
the unsafe position of White's monarch.}) 31. Kb1 Rxb5 {[%cal Gg8b8,Gb8b2]} 32.
gxh4 {Black's bishop is much better than its counterpart, so it is quite
understandible that White seeks the opportunity to exchange his bad minor
piece. Yet after the text Black gains control over the g-file. And it, as the
development of the game shows, turns out to be decisive.} ({To do justice,
White could not passively wait any longer:} 32. Rc2 Rb4 {/\h3-/+}) 32... gxh4 {
[%cal Rg8g1]} 33. Bh3 Bxh3 34. Qxh3 Rbb8 $1 {A mission with which this rook
was charged is over and Black starts the regrouping of his forces.} 35. Rf1 Qf4
36. Qe3 Rg4 37. h3 {Chasing with this move a rook from the 4th rank, White
weakens the g3-square.} (37. Qxf4 Rxf4 38. f3 Rb3 $17 {/\f5}) 37... Rg5 (37...
Qxe3 $6 38. fxe3 $132 {[%csl Yd6,Yf7]}) 38. Qa3 Rb4 39. Rfe1 Kg7 40. Qe3 {
Otherwise Black plays Rg2.} Qxe3 41. Rxe3 {In spite of the equal material,
this endgame is very difficult for White. Mobility of his rooks, bound by
protection of the manifold weaknesses,n is restricted, whereas black's heavy
artillery shoots along vital horizontals and verticals. After Black plays
f7-f5, White will not be able to retain his pawns.} f5 42. R3e2 Rd4 {[%csl Yd5,
Ye4]} 43. Kc1 Kf6 44. f4 exf4 45. e5+ dxe5 46. Rxe5 Rg2 (46... f3 47. Re6+ Kg7
48. Re7+ Kh6 49. R1e6+ Rg6 50. Rxg6+ Kxg6 51. Re3 Rf4) 47. Re8 f3 48. Rf8+ Kg5
49. Re5 Rf4 0-1